| 000 | 00628nam a22001937a 4500 | ||
|---|---|---|---|
| 003 | BD-ChCU | ||
| 005 | 20260504112115.0 | ||
| 008 | 260504b sh||||| |||| 00| 0 eng d | ||
| 020 | _a9781681087191 | ||
| 040 | _cBD-ChCU | ||
| 082 |
_223 _a621.042 R294 |
||
| 245 |
_aRenewable energy engineering : _bsolar,wind,biomass,hydrogen and geothermal energy systems / _cEdited by Emmanuel D Rogdakis. |
||
| 260 |
_aSharjah : _bBenthan Science Pub., _c2018 |
||
| 300 | _a400 P. : | ||
| 504 | _aIncludes. | ||
| 650 | 0 |
_aEnergy engineering ; Solar energy. _922285 |
|
| 700 |
_aRogdakis, Emmanuel D. _922287 _eEditor |
||
| 942 |
_2ddc _cBK _n0 |
||
| 999 |
_c112621 _d112621 |
||